000
00373nam a2200181Ia 4500
100
_a
Deitel/P.J/ Deitel/H.M
650
_a
C Programming
250
_a
6
942
_c
BK
366
_f
25
654
_a
c++
245
_a
C++ How to program
260
_b
prentice hall
_a
New Delhi
_c
2008
082
_a
5.133
_b
DEI
300
_a
1429
546
_a
ENGLISH
999
_c
18720
_d
18720